Filosofía y carnaval
Furkejuvvon:
| Váldodahkki: | |
|---|---|
| Materiálatiipa: | Girji |
| Giella: | espánnjágiella |
| Almmustuhtton: |
Barcelona
Anagrama
1970
|
| Ráidu: | Cuadernos Anagrama, 4
|
| Fáttát: | |
| Fáddágilkorat: |
Lasit fáddágilkoriid
Eai fáddágilkorat, Lasit vuosttaš fáddágilkora!
|
MARC
| LEADER | 00000nam a2200000 a 4500 | ||
|---|---|---|---|
| 001 | UCX4402 | ||
| 003 | CL-VaPUC | ||
| 008 | 920507e19700000SP |||||||||||||||||spa|d | ||
| 082 | 0 | 4 | |a 149.9 |b TRI |2 21 |
| 100 | 0 | |a Trías, Eugenio |e author |9 320566 | |
| 245 | 1 | 0 | |a Filosofía y carnaval |
| 300 | |a 81 p | ||
| 942 | |c BK | ||
| 945 | |d 19920507 00:00:00 | ||
| 260 | |a Barcelona |b Anagrama |c 1970 | ||
| 650 | 7 | |a ESTRUCTURALISMO FILOSOFIA |2 CL-VaPUC |9 317948 | |
| 583 | |a last modification |c 19920507 00:00:00 |k Rodrigo Vera | ||
| 490 | 0 | |a Cuadernos Anagrama, 4 | |
| 999 | |c 224866 |d 224864 | ||
| 952 | |0 0 |1 0 |4 0 |6 149_900000000000000_TRI_1970 |7 0 |8 A |9 221877 |a BIBHIS |b BIBHIS |d 2019-11-15 |i 2907577 |o 149.9 TRI 1970 |p 2907577 |r 2025-01-20 |w 2019-11-15 |y BK |k HIS | ||